Se former en didactique des langues

Salvato in:
Dettagli Bibliografici
Autore principale: Puren, Christian
Natura: Sconosciuto
Lingua:French
Pubblicazione: París, Francia ellipses 1998
Soggetti:
Tags: Aggiungi Tag
Nessun Tag, puoi essere il primo ad aggiungerne!!

MARC

LEADER 00000 a2200000 4500
008 190422b ||||| |||| 00| 0 fre d
999 |c 30692  |d 30692 
020 |a 978-2-7298-5762-2 
040 |a cru BVZT  
090 |a 410 P-22.1f 
100 |a Puren, Christian 
245 |a Se former en didactique des langues  |c Christian Puren; Paola Bertocchini; Edvige Costanzo 
260 |a París, Francia  |b ellipses  |c 1998 
300 |a 206 páginas 
650 0 |9 268  |a DIDÁCTICA 
650 0 |9 55  |a LINGÜÍSTICA 
942 |c LIB  |h 410 P-22.1f  |2 z